000 00654nam a2200229Ia 4500
003 GCL
008 140319s9999 xx 000 0 eng d
020 _a1857151208
040 _aGCL /
_cGCL
082 0 4 _a891.7
_bC M
100 1 _aCHEKHOV, A
245 1 0 _aMY LIFE :
_bAND OTHER STORIES /
_cCHEKHOV, A
700 1 _aGARNETT, CONSTANE
700 1 _aRAINE, CRAIG
260 _aانجلترا :
_bEVERYMAN'S LIBRARY ،
_c1992
300 _a21 CM ؛
_cX11, 586 P
490 _aTHE MILLENNIUM LIBRARY
_v120
650 0 4 _aRUSSIAN LITERATURE
650 0 4 _aRUSSIAN LITERATURE - TRANSLATION INTO ENGLISH
650 0 4 _aRUSSIAN FICTION
942 _2ddc
_cBK
999 _c5122
_d5122